000 00609nam a22001817a 4500
005 20251108164801.0
008 250721s1982 xx 000 0 ara d
082 1 4 _a296.12/صال
100 1 _aصالح، صالح محمود
245 1 0 _aالإنسانية و الصهيونية و التلمود :
_bأخلاق - عادات - شرائع - طقوس في التلمود /
264 1 _aبيروت :
_bمنشورات فلسطين المحتلة،
_c1982.
300 _a72ص.
650 1 7 _aالتلمود
650 1 7 _aاليهود
650 1 7 _aالصهيونية
942 _2ddc
_cBK
999 _c14257
_d14257